000 00661nam a2200181 a 4500
008 120416s1970 ||||||||||||||||| || u
020 _a0133605868
050 _aDT 31 Gov
100 _aDoro, Marion E
245 1 0 _aGoverning in Black Africa: perspectives on new states
_cedited by Marion E. Doro
260 _aEnglewood Cliffs, NJ:
_bPrentice-Hall
_c1970
300 _av, 362p.
350 _a0.00
650 7 _aAFRICA
_2fast
650 0 _aAFRICA--POLITICS AND GOVERNMENT--1960
700 _aStultz, Newell M
995 _D0.00
_FCBU-MAIN LIBRARY (Kitwe)
_H1
_I12.00
_M1
_UDAMAGED
_ZMain Library Open Access Collection
999 _c44828
_d44828